00347nam a22001457a 450000500170000002000180001704100120003508200160004710000140006324500730007725000070015026000240015730000080018136500120018920260323115433.0 a9788198424457 aEnglish aT16 R25 RAJ aRajan P K aPuratchiyil Porul Varalaatru Maattrangalin Poruliyal Adippadai Vol 1 a01 aChennaibNCBHc2025 a784 b1250.00